000 00696nam a22002297a 4500
003 UA-OsUOA
001 65188
007 ta
008 20091117b un ||||| |||| 00| 0 ukr d
090 _a82.09(477)
_bА17
942 _cBK
040 _aUA-OsUOA
_bukr
_cUA-OsUOA
_dUA-OsUOA
245 _aАктуальні проблеми української літератури і фольклору
_bВипуск 11
_cС. В. Мишанич
300 _a168 с.
955 _a1
041 _aukr
080 _a82.09(477)
020 _a966-7418-12-Х
260 _aДонецьк
_bДНУ
_c2007
650 7 _a82 Література. Літературознавство
_2UDC
999 _c351312
_d351312